| 000 | 00729nam a22002177a 4500 | ||
|---|---|---|---|
| 005 | 20100610120041.0 | ||
| 008 | 100610t xxu||||| |||| 00| 0 eng d | ||
| 010 | _aENG-96327 | ||
| 020 |
_a9788120743687 _c200.00 |
||
| 035 | _aEN-79860 | ||
| 037 | _bDBAD/PUB | ||
| 040 |
_aDPL _bEng |
||
| 082 | _a230.35 | ||
| 100 |
_aVaswani, J.P _921713 |
||
| 245 |
_aSaints : _bfor you and me / _cby J.P.Vaswani |
||
| 260 |
_aNew Delhi _bSterling _c2009 |
||
| 270 |
_aA-59, Okhla Industrial Area, Phase-II, _bNew Delhi _e110020 |
||
| 300 |
_a257p. _c22 cm. (Pbk) |
||
| 942 |
_2ddc _cEN _mVAS _h230.35 |
||
| 999 |
_c36677 _d36677 |
||